000 00703nam a2200229 a 4500
999 _c1033
_d1033
001 1033
003 BD-JhCC
005 20180122173807.0
008 171014s19852008bg |||| ||a| 000 0 ben d
020 _a9844101484
035 _a(BD-JhCC)1033
040 _aBD-JhCC
_dBD-JhCC
041 _aben
082 _223
_a297.2
_bISL 2008
100 _aইসলাম, আমিনুল
245 _aমুসলিম ধর্মতত্ত্ব দর্শন /
_cআমিনুল ইসলাম,
260 _aঢাকা :
_bমাওলা ব্রাদার্স ;
_c2008
300 _a392 p.;
_c22 cm.
650 _aIslamic Pholosophy
_xPholosophy
942 _2ddc
_cBK